Zlepšovanie administratívnych procesov v oblasti personalistiky diplomová práca

Guardado en:
Detalles Bibliográficos
Autor principal: Martinkovičová, Nikola
Autor Corporativo: Fakulta podnikového manažmentu EU. Katedra informačného manažmentu
Otros Autores: Černý, Matej, 1982-
Formato: Libro
Lenguaje:eslovaco
Publicado: Bratislava 2016
Etiquetas: Agregar Etiqueta
Sin Etiquetas, Sea el primero en etiquetar este registro!

MARC

LEADER 00000nbm a2200000 4500
001 0218607
005 20161207124637.5
041 0 |a slo 
044 |a SK 
245 1 0 |a Zlepšovanie administratívnych procesov v oblasti personalistiky  |b diplomová práca  |c Nikola Martinkovičová ; školiteľ: Matej Černý 
264 1 |a Bratislava  |c 2016 
300 |a 74 s. 
100 1 |a Martinkovičová, Nikola 
700 1 |a Černý, Matej, 1982- 
710 2 |a Fakulta podnikového manažmentu EU. Katedra informačného manažmentu